[Event "Shymkent FIDE GP (Women)"]
[Site "Shymkent"]
[Date "2024.11.08"]
[Round "9"]
[White "Paehtz, Elisabeth"]
[Black "Divya, Deshmukh"]
[Result "1/2-1/2"]
[WhiteElo "2458"]
[BlackElo "2501"]
[PlyCount "96"]
[EventDate "2024.10.30"]
[EventType "tourn"]
[EventRounds "9"]
[EventCountry "KAZ"]
[EventCategory "10"]
[SourceTitle "CB45_2024"]
[Source "ChessBase"]
[SourceDate "2024.11.06"]
[SourceVersion "1"]
[SourceVersionDate "2024.11.06"]
[SourceQuality "1"]

1. e4 c6 2. Nf3 d5 3. d3 g6 4. e5 Bg7 5. h3 c5 6. c3 d4 7. g3 Nc6 8. Qe2 Qd5 9. c4 Qe6 10. Bf4 f6 11. exf6 Nxf6 12. Qxe6 Bxe6 13. Bg2 Nb4 14. Kd2 Nh5 15. Be5 Bh6+ 16. Ke2 0-0 17. g4 Nf4+ 18. Bxf4 Bxf4 19. Nbd2 a5 20. a3 Nc6 21. Rhf1 Bd7 22. Ne1 Kg7 23. Bd5 Ne5 24. Nb3 Rac8 25. Nxa5 b6 26. Nb3 b5 27. Na5 Rb8 28. Rb1 h5 29. f3 g5 30. Ng2 hxg4 31. hxg4 Rh8 32. Nxf4 gxf4 33. Rf2 Rh6 34. b4 Ra6 35. Rh2 cxb4 36. axb4 bxc4 37. Nxc4 Nxc4 38. Bxc4 Rab6 39. Rbh1 Rxb4 40. Rh7+ Kg6 41. R1h6+ Kg5 42. Rh5+ Kg6 43. R7h6+ Kg7 44. Rh7+ Kg6 45. Rxe7 Rb2+ 46. Kf1 Rd2 47. Rhe5 Rb1+ 48. Re1 Rbb2 1/2-1/2

[Event "Shymkent FIDE GP (Women)"]
[Site "Shymkent"]
[Date "2024.11.02"]
[Round "4"]
[White "Paehtz, Elisabeth"]
[Black "Assaubayeva, Bibissara"]
[Result "1/2-1/2"]
[WhiteElo "2458"]
[BlackElo "2487"]
[PlyCount "74"]
[EventDate "2024.10.30"]
[EventType "tourn"]
[EventRounds "9"]
[EventCountry "KAZ"]
[EventCategory "10"]
[SourceTitle "CB45_2024"]
[Source "ChessBase"]
[SourceDate "2024.11.06"]
[SourceVersion "1"]
[SourceVersionDate "2024.11.06"]
[SourceQuality "1"]

1. e4 c5 2. c3 Nf6 3. e5 Nd5 4. Nf3 d6 5. d4 cxd4 6. cxd4 Nc6 7. Bc4 Nb6 8. Bb5 dxe5 9. Nxe5 Bd7 10. Nxd7 Qxd7 11. Nc3 Rd8 12. 0-0 e6 13. Bg5 Be7 14. Bxe7 Qxe7 15. Qf3 0-0 16. Bxc6 bxc6 17. Rfd1 Qb4 18. Qxc6 Qxb2 19. Rab1 Qa3 20. Qc5 Qa6 21. Qb5 Qxb5 22. Nxb5 Nd5 23. Rb3 a6 24. Nc3 Nxc3 25. Rxc3 Rd5 26. Ra3 Rc8 27. g3 a5 28. Rb1 g6 29. Rb2 Kg7 30. Re2 Rc4 31. Re5 a4 32. Rxd5 exd5 33. Rd3 Kf6 34. Kg2 Rc2 35. Ra3 Rc4 36. Rd3 Rc2 37. Ra3 Rc4 1/2-1/2

[Event "Shymkent FIDE GP (Women)"]
[Site "Shymkent"]
[Date "2024.10.31"]
[Round "2"]
[White "Paehtz, Elisabeth"]
[Black "Munguntuul, Batkhuyag"]
[Result "0-1"]
[WhiteElo "2458"]
[BlackElo "2344"]
[PlyCount "34"]
[EventDate "2024.10.30"]
[EventType "tourn"]
[EventRounds "9"]
[EventCountry "KAZ"]
[EventCategory "10"]
[SourceTitle "CB45_2024"]
[Source "ChessBase"]
[SourceDate "2024.11.06"]
[SourceVersion "1"]
[SourceVersionDate "2024.11.06"]
[SourceQuality "1"]

1. e4 c6 2. d4 d5 3. Nd2 dxe4 4. Nxe4 Bf5 5. Ng3 Bg6 6. h4 h6 7. Nf3 Nd7 8. Bd3 Bxd3 9. Qxd3 e6 10. Bd2 Ngf6 11. 0-0-0 Be7 12. Qe2 0-0 13. Nf1 c5 14. g4 cxd4 15. g5 Nd5 16. gxh6 Qb6 17. Ng5 Ba3 0-1

[Event "EU-Cup (Women) 28th"]
[Site "Vrnjacka Banja"]
[Date "2024.10.26"]
[Round "7.1"]
[White "Paehtz, Elisabeth"]
[Black "Unuk, Laura"]
[Result "1/2-1/2"]
[WhiteElo "2458"]
[BlackElo "2304"]
[PlyCount "171"]
[EventDate "2024.10.20"]
[EventType "team-swiss"]
[EventRounds "7"]
[EventCountry "SRB"]
[SourceTitle "CB44_2024"]
[Source "Chessbase"]
[SourceDate "2024.10.30"]
[SourceVersion "1"]
[SourceVersionDate "2024.10.30"]
[SourceQuality "1"]
[WhiteTeam "Monte Carlo (W)"]
[BlackTeam "Ljubljana Tajfun (W)"]
[WhiteTeamCountry "MNC"]
[BlackTeamCountry "SLO"]

1. Nf3 Nf6 2. g3 b5 3. Bg2 Bb7 4. d3 e6 5. e4 d6 6. 0-0 c5 7. a4 b4 8. Nbd2 Be7 9. Nc4 d5 10. exd5 Bxd5 11. b3 0-0 12. Bb2 Nc6 13. Ne3 Rc8 14. Re1 Qc7 15. Qe2 h6 16. Qf1 Rcd8 17. Rac1 a5 18. Qe2 Rfe8 19. Bh3 Bxf3 20. Qxf3 Nd4 21. Bxd4 Rxd4 22. Nc4 Bd8 23. Bg2 Rf8 24. h4 Nd5 25. Re4 Bf6 26. Rce1 Ne7 27. Rxd4 Bxd4 28. Qf4 Qa7 29. Kf1 Nc8 30. Re2 Nb6 31. Nd6 Qd7 32. Nb5 Rd8 33. Qc7 Qxc7 34. Nxc7 Bf6 35. Nb5 Rd7 36. h5 Kf8 37. Bc6 Rd8 38. Be4 Nc8 39. Kg2 Nd6 40. Na7 Rd7 41. Nc6 Bd8 42. Ne5 Rc7 43. Bf3 Nf5 44. Re1 Nd4 45. Bd1 Bf6 46. Nc4 Ra7 47. f4 Ra6 48. g4 g5 49. fxg5 Bxg5 50. Ne5 Ke7 51. Rf1 f6 52. Nc4 Kd7 53. Kg3 Ke7 54. Rf2 Kd7 55. Bf3 Ke7 56. Be4 Kd7 57. Kh2 Bh4 58. Rg2 Bg5 59. Kg1 Ke7 60. Rf2 Bh4 61. Rh2 Bg5 62. Bb7 Ra7 63. Bh1 Ra6 64. Kf1 Kd7 65. Ke1 Bf4 66. Rg2 Ke7 67. Kd1 Bg5 68. Rf2 Bh4 69. Rf1 Bg5 70. Be4 Kd7 71. Bb7 Ra7 72. Bg2 Ra6 73. Re1 Bh4 74. Re3 Bg5 75. Re4 Ke7 76. Re1 Bh4 77. Rf1 Bg5 78. Be4 Kd7 79. Bg6 Ke7 80. Rf2 Bh4 81. Rf4 Bg5 82. Rf1 Ra7 83. Ne5 Kf8 84. Be4 Ke7 85. Ng6+ Kd6 86. Re1 1/2-1/2

[Event "London TechM GCL"]
[Site "London"]
[Date "2024.10.09"]
[Round "8.3"]
[White "Paehtz, Elisabeth"]
[Black "Lagno, Kateryna"]
[Result "1-0"]
[WhiteElo "2458"]
[BlackElo "2527"]
[PlyCount "127"]
[EventDate "2024.10.03"]
[EventType "team-tourn (rapid)"]
[EventRounds "10"]
[EventCountry "ENG"]
[SourceTitle "CB42_2024"]
[Source "ChessBase"]
[SourceDate "2024.10.16"]
[SourceVersion "1"]
[SourceVersionDate "2024.10.16"]
[SourceQuality "1"]
[WhiteTeam "American Gambits"]
[BlackTeam "Alpine Sg Pipers"]
[WhiteTeamCountry "USA"]
[BlackTeamCountry "SIN"]

1. Nf3 Nf6 2. g3 d5 3. Bg2 e6 4. c4 Be7 5. 0-0 0-0 6. d4 dxc4 7. Qc2 b5 8. a4 b4 9. Qxc4 Ba6 10. Qc2 Bb7 11. Nbd2 Nbd7 12. Ne5 Bxg2 13. Kxg2 Nxe5 14. dxe5 Qd5+ 15. Nf3 Qe4 16. Qxe4 Nxe4 17. Be3 Bc5 18. Rfc1 Bxe3 19. fxe3 c5 20. Rc4 f5 21. exf6 Nxf6 22. Rxc5 Ng4 23. e4 Ne3+ 24. Kf2 Ng4+ 25. Ke1 Nf6 26. Rc4 a5 27. Ne5 h5 28. Rd1 Ra6 29. Nd7 Rf7 30. Rc8+ Kh7 31. Ne5 Re7 32. Rdd8 g5 33. Rc4 Kg7 34. b3 g4 35. Kf2 Nh7 36. Ke3 Ng5 37. Rcc8 Kf6 38. Nd7+ Kg6 39. Rg8+ Kh6 40. Ne5 Nf7 41. Ng6 Rd7 42. Nf4 e5 43. Nd5 h4 44. Rxg4 hxg3 45. Rxg3 Rg6 46. Rxg6+ Kxg6 47. Rc5 Ng5 48. Rxa5 Rh7 49. Ra6+ Kg7 50. Ra7+ Nf7 51. Kd3 Rh3+ 52. e3 Rxh2 53. Nxb4 Rb2 54. Kc3 Rb1 55. Nd5 Kg6 56. Ra6+ Kh5 57. Rf6 Ng5 58. Rf5 Kh4 59. Rxe5 Nf3 60. Re8 Rc1+ 61. Kb4 Nd2 62. a5 Rb1 63. Kc3 Nxb3 64. a6 1-0

[Event "London TechM GCL"]
[Site "London"]
[Date "2024.10.06"]
[Round "5.3"]
[White "Paehtz, Elisabeth"]
[Black "Salimova, Nurgyul"]
[Result "1-0"]
[WhiteElo "2458"]
[BlackElo "2405"]
[PlyCount "153"]
[EventDate "2024.10.03"]
[EventType "team-tourn (rapid)"]
[EventRounds "10"]
[EventCountry "ENG"]
[SourceTitle "CB42_2024"]
[Source "ChessBase"]
[SourceDate "2024.10.16"]
[SourceVersion "1"]
[SourceVersionDate "2024.10.16"]
[SourceQuality "1"]
[WhiteTeam "American Gambits"]
[BlackTeam "Ganges Grandmasters"]
[WhiteTeamCountry "USA"]
[BlackTeamCountry "IND"]

1. e4 c6 2. d4 d5 3. exd5 cxd5 4. Bd3 Nf6 5. c3 Bg4 6. Qb3 Qc7 7. h3 Bd7 8. Ne2 Nc6 9. Bf4 e5 10. dxe5 Nxe5 11. Bxe5 Qxe5 12. Nd2 Bc5 13. Nf3 Qc7 14. Ned4 0-0 15. 0-0 Rad8 16. Rfe1 Bc6 17. Re2 Nh5 18. Qc2 g6 19. g3 Bd7 20. Kg2 Bd6 21. Ng1 Bxg3 22. fxg3 Qxg3+ 23. Kh1 Nf4 24. Rf2 Rde8 25. Rf3 Qh4 26. Raf1 Nh5 27. Qf2 Qe7 28. Nge2 f5 29. Nf4 Nf6 30. Rg1 Ne4 31. Qe1 Qd6 32. Qh4 Rf7 33. Bxe4 fxe4 34. Rff1 Ref8 35. Nde2 Bb5 36. Nxg6 Rxf1 37. Nxf8+ Rxg1+ 38. Kxg1 Bxe2 39. Nxh7 Qg6+ 40. Ng5 e3 41. Qf4 Bc4 42. Qxe3 Qb1+ 43. Kh2 Qxb2+ 44. Kg3 Qe2 45. Qxe2 Bxe2 46. Kf4 Bc4 47. a3 Kg7 48. Ke5 Kg6 49. Nf3 Kh5 50. Kd4 b6 51. Ne5 Ba2 52. Nc6 a5 53. Ne7 Kh4 54. Nxd5 b5 55. Nc7 Bc4 56. Kc5 Kxh3 57. Nxb5 Be2 58. Nd4 Bd3 59. Nb3 a4 60. Nd4 Kg4 61. Kb4 Kf4 62. Kxa4 Ke4 63. Kb4 Kd5 64. Nb3 Ba6 65. Nd2 Kc6 66. Nf3 Bb7 67. Nd4+ Kb6 68. c4 Ba6 69. c5+ Kc7 70. Ka5 Bc4 71. a4 Bd5 72. Kb5 Bg2 73. c6 Bf1+ 74. Kc5 Bg2 75. Nb5+ Kc8 76. Kb6 Bf3 77. Na7+ 1-0

[Event "London TechM GCL"]
[Site "London"]
[Date "2024.10.04"]
[Round "2.2"]
[White "Kashlinskaya, Alina"]
[Black "Paehtz, Elisabeth"]
[Result "1-0"]
[WhiteElo "2493"]
[BlackElo "2458"]
[PlyCount "77"]
[EventDate "2024.10.03"]
[EventType "team-tourn (rapid)"]
[EventRounds "10"]
[EventCountry "ENG"]
[SourceTitle "CB42_2024"]
[Source "ChessBase"]
[SourceDate "2024.10.16"]
[SourceVersion "1"]
[SourceVersionDate "2024.10.16"]
[SourceQuality "1"]
[WhiteTeam "PBG Alaskan Knights"]
[BlackTeam "American Gambits"]
[WhiteTeamCountry "USA"]
[BlackTeamCountry "USA"]

1. d4 d5 2. c4 c6 3. Nf3 Nf6 4. Nc3 a6 5. c5 Nbd7 6. Bf4 Nh5 7. Bd2 Nhf6 8. g3 g6 9. Bg2 Bg7 10. 0-0 0-0 11. Qc2 Ne8 12. Rad1 Nc7 13. Bf4 Ne6 14. Bc1 f5 15. b4 Nf6 16. Qb3 Ne4 17. Na4 Rb8 18. Nb6 Qe8 19. Bb2 Nc7 20. Ne5 Bxe5 21. dxe5 Be6 22. Qe3 g5 23. f3 f4 24. Qc1 fxg3 25. fxe4 gxh2+ 26. Kh1 Qh5 27. exd5 cxd5 28. Qe3 Qg6 29. Qd4 Rbd8 30. a4 Bf5 31. e6 Rf6 32. Nd7 Ne8 33. Nxf6+ Nxf6 34. Qe5 Bc2 35. Rxd5 Rf8 36. Rd7 Qg7 37. Rxe7 Qxe7 38. Rxf6 Rxf6 39. Qxf6 1-0

[Event "Olympiad Women-45"]
[Site "Budapest"]
[Date "2024.09.20"]
[Round "9.2"]
[White "Houska, Jovanka"]
[Black "Paehtz, Elisabeth"]
[Result "1/2-1/2"]
[WhiteElo "2333"]
[BlackElo "2455"]
[PlyCount "48"]
[EventDate "2024.09.11"]
[EventType "team-swiss"]
[EventRounds "11"]
[EventCountry "HUN"]
[SourceTitle "EXT 2025"]
[Source "ChessBase"]
[SourceDate "2024.10.14"]
[SourceVersion "1"]
[SourceVersionDate "2024.10.14"]
[SourceQuality "1"]
[WhiteTeam "England (W)"]
[BlackTeam "Germany (W)"]
[WhiteTeamCountry "ENG"]
[BlackTeamCountry "GER"]

1. d4 Nf6 2. Bg5 e6 3. e4 c5 4. d5 d6 5. Nc3 Be7 6. Bb5+ Kf8 7. dxe6 Bxe6 8. Nf3 a6 9. Be2 Nc6 10. a4 h6 11. Be3 Kg8 12. 0-0 Kh7 13. Bd3 Ne5 14. Nxe5 dxe5 15. Nd5 Bxd5 16. exd5+ e4 17. Bc4 Bd6 18. f3 Qc7 19. g3 Bxg3 20. hxg3 Qxg3+ 21. Kh1 Qh3+ 22. Kg1 Qg3+ 23. Kh1 Qh3+ 24. Kg1 Qg3+ 1/2-1/2